| Tag |
First Indicator |
Second Indicator |
Subfields |
| LEADER |
00000cas a2200000 a 4500 |
| 001 |
in00000404821 |
| 005 |
20151012051030.0 |
| 008 |
810511c19769999fr xzm f0uuub0fre d |
| 010 |
|
|
|a sn 84006047
|
| 022 |
0 |
|
|a 0222-8394
|9 0085-2643
|
| 030 |
|
|
|a RRLPD3
|
| 035 |
|
|
|a (OCoLC)07408530
|
| 035 |
|
|
|9 ABT3097AM
|
| 037 |
|
|
|b 58, Boulevard Lefebvre, 75732 Paris, CEDEX 15, France
|
| 040 |
|
|
|a CBT
|c CBT
|d SER
|d NSD
|d AIP
|d DLC
|d TXA
|d UtOrBLW
|
| 041 |
0 |
|
|a fre
|b eng
|b fre
|b ger
|b rus
|b spa
|
| 042 |
|
|
|a nsdp
|
| 049 |
|
|
|a TXAT
|
| 050 |
0 |
0 |
|a UNC
|
| 090 |
|
|
|a TE2
|b .L3
|
| 110 |
2 |
|
|a Laboratoire central des ponts et chaussées.
|
| 210 |
0 |
|
|a Rapp. Rech. - LPC
|
| 222 |
|
0 |
|a Rapport de recherche - L.P.C.
|
| 245 |
1 |
0 |
|a Rapport de recherche LPC.
|
| 246 |
3 |
0 |
|a Rapport de recherche LPC
|
| 264 |
|
1 |
|a Paris :
|b Laboratoire central des ponts et chaussees,
|c 1976-
|
| 300 |
|
|
|a volumes :
|b illustrations ;
|c 30 cm.
|
| 310 |
|
|
|a Irregular
|
| 336 |
|
|
|a text
|b txt
|2 rdacontent
|
| 337 |
|
|
|a unmediated
|b n
|2 rdamedia
|
| 338 |
|
|
|a volume
|b nc
|2 rdacarrier
|
| 362 |
0 |
|
|a No. 61 (Nov. 1976)-
|
| 510 |
2 |
|
|a Engineering index
|
| 510 |
2 |
|
|a Chemical abstracts
|x 0009-2258
|
| 546 |
|
|
|a Summaries in English, French, German, Russian, and Spanish.
|
| 650 |
|
0 |
|a Highway engineering
|z France.
|
| 650 |
|
0 |
|a Roads
|z France
|x Design and construction.
|
| 780 |
0 |
0 |
|a Laboratoire central des ponts et chaussees.
|t Rapport de recherche
|x 0085-2643
|w (OCoLC)7408641
|
| 999 |
|
|
|a MARS
|
| 999 |
f |
f |
|s 917573cd-b742-3cc5-90ab-c931a9aeefe4
|i a20cf6c0-a1ef-3a63-8eb2-705e14bc0d39
|t 0
|
| 952 |
f |
f |
|p normal
|a Texas A&M University
|b College Station
|c Sterling C. Evans Library
|d Evans: Library Stacks
|t 0
|e TE2 .L3
|h Library of Congress classification
|i unmediated -- volume
|m A14809323559
|
| 998 |
f |
f |
|a TE2 .L3
|t 0
|l Evans: Library Stacks
|